A Bit of Jewish-American Mischief: Fictional Metabiography in Alan Lelchuk’s Ziff: A Life? and Philip Roth’s Exit Ghost (notice n° 1650775)

détails MARC
000 -LEADER
fixed length control field 01326cam a2200229 4500500
005 - DATE AND TIME OF LATEST TRANSACTION
control field 20260208005140.0
041 ## - LANGUAGE CODE
Language code of text/sound track or separate title fre
042 ## - AUTHENTICATION CODE
Authentication code dc
100 10 - MAIN ENTRY--PERSONAL NAME
Personal name Brauner, David
Relator term author
245 00 - TITLE STATEMENT
Title A Bit of Jewish-American Mischief: Fictional Metabiography in Alan Lelchuk’s Ziff: A Life? and Philip Roth’s Exit Ghost
260 ## - PUBLICATION, DISTRIBUTION, ETC.
Date of publication, distribution, etc. 2021.<br/>
500 ## - GENERAL NOTE
General note 54
520 ## - SUMMARY, ETC.
Summary, etc. L’écrivain juif américain Alan Lelchuk a joué un rôle important dans la carrière et la vie de Philip Roth dans les années soixante-dix, bien que les ambiguïtés de leur relation littéraire et personnelle n’aient que peu attiré l’attention de la critique. On s’efforcera de combler cette lacune en abordant le roman de Lelchuk Ziff: A Life? et plus brièvement Exit Ghost de Roth comme des métabiographies fictionnelles qui s’inspirent de cette relation pour aborder sur un mode ironique de plus larges questions éthiques et esthétiques.
690 ## - LOCAL SUBJECT ADDED ENTRY--TOPICAL TERM (OCLC, RLIN)
Topical term or geographic name as entry element Alan Lelchuk
690 ## - LOCAL SUBJECT ADDED ENTRY--TOPICAL TERM (OCLC, RLIN)
Topical term or geographic name as entry element autofiction
690 ## - LOCAL SUBJECT ADDED ENTRY--TOPICAL TERM (OCLC, RLIN)
Topical term or geographic name as entry element Exit Ghost
690 ## - LOCAL SUBJECT ADDED ENTRY--TOPICAL TERM (OCLC, RLIN)
Topical term or geographic name as entry element metabiography
690 ## - LOCAL SUBJECT ADDED ENTRY--TOPICAL TERM (OCLC, RLIN)
Topical term or geographic name as entry element Philip Roth
690 ## - LOCAL SUBJECT ADDED ENTRY--TOPICAL TERM (OCLC, RLIN)
Topical term or geographic name as entry element Ziff: A Life?
786 0# - DATA SOURCE ENTRY
Note Revue française d’études américaines | 166 | 1 | 2021-04-26 | p. 46-61 | 0397-7870
856 41 - ELECTRONIC LOCATION AND ACCESS
Uniform Resource Identifier <a href="https://shs.cairn.info/revue-francaise-d-etudes-americaines-2021-1-page-46?lang=en&redirect-ssocas=7080">https://shs.cairn.info/revue-francaise-d-etudes-americaines-2021-1-page-46?lang=en&redirect-ssocas=7080</a>

Pas d'exemplaire disponible.

PLUDOC

PLUDOC est la plateforme unique et centralisée de gestion des bibliothèques physiques et numériques de Guinée administré par le CEDUST. Elle est la plus grande base de données de ressources documentaires pour les Étudiants, Enseignants chercheurs et Chercheurs de Guinée.

Adresse

627 919 101/664 919 101

25 boulevard du commerce
Kaloum, Conakry, Guinée

Réseaux sociaux

Powered by Netsen Group @ 2025